00443nam a22001097a 4500082001300000100003800013245015500051260004100206300002000247563000900267856005700276 a340bKHA aKhan, Abid & Shah, Syed Abbas Ali aAnalyzing The 26th Amendment in the Context of the Basic Structure Doctrine: Implications for Judicial Independence /cAbid Khan & Syed Abbas Ali Shah aIslamabad :bNUST Law School,c2025. a39 p. ;c30 CM. aHBK. uhttp://10.250.8.41:8080/xmlui/handle/123456789/56171